| 000 | 00485nam a22001817a 4500 | ||
|---|---|---|---|
| 003 | CEME | ||
| 005 | 20210628204145.0 | ||
| 008 | 210112b xxu||||| |||| 00| 0 eng d | ||
| 020 | _a8121927633 | ||
| 040 | _cceme | ||
| 082 | _a005.72 NAG | ||
| 100 |
_aNagpal, D.P _959126 |
||
| 245 | _aWeb design technology , theory and technique on the cutting edge | ||
| 260 |
_aNEW DELHI _bS. CHAND _c2012 |
||
| 300 | _aXVI, 876P | ||
| 650 |
_aWEB DESIGN TECHNOLOGY. _969008 |
||
| 942 |
_cBK _2ddc |
||
| 999 |
_c576434 _d576434 |
||